Két válasz
Elmentve itt :
| Dokumentumtípus: | Cikk |
|---|---|
| Megjelent: |
1969-08-20
|
| Sorozat: | Délmagyarország
59 No. 192 |
| Kulcsszavak: | Markovits Bori, Szabadtéri Játékok 1969-1973, Szegedi Szabadtéri Játékok 1969 |
| Online Access: | http://dmarchiv.bibl.u-szeged.hu/62623 |
| LEADER | 00451nab a2200145 i 4500 | ||
|---|---|---|---|
| 001 | delm62623 | ||
| 005 | 20180927151251.0 | ||
| 008 | 180927s1969 hu o 0|| hun d | ||
| 040 | |a SZTE Délmagyarország Archívum |b hun | ||
| 041 | |a hun | ||
| 245 | 0 | 0 | |a Két válasz |h [elektronikus dokumentum] |
| 260 | |c 1969-08-20 | ||
| 300 | |a 4 | ||
| 490 | 0 | |a Délmagyarország |v 59 No. 192 | |
| 695 | |a Markovits Bori, Szabadtéri Játékok 1969-1973, Szegedi Szabadtéri Játékok 1969 | ||